Top 30 Rappers Of All Time - Statistics

General Stats
  • This quiz has been taken 48 times
  • The average score is 14 of 30
Answer Stats
Hint Answer % Correct
5 Eminem
95%
29 Pusha T
93%
4 Tupac Shakur
90%
6 The Notorious B.I.G
85%
1 Jay-Z
83%
11 Kanye West
75%
2 Kendrick Lamar
75%
8 Drake
73%
7 Lil Wayne
68%
18 Ice Cube
65%
3 Nas
58%
9 Snoop Dogg
58%
17 50 Cent
55%
10 Nicki Minaj
55%
15 J Cole
43%
12 Andre 3000
35%
21 DMX
35%
14 LL Cool J
30%
30 Lauryn Hill
28%
25 Method Man
28%
26 Big Pun
23%
22 Ghostface Killah
23%
19 Missy Elliott
23%
13 Rakim
23%
24 KRS-One
15%
28 Black Thought
13%
27 Q-Tip
13%
16 Scarface
13%
20 Big Daddy Kane
8%
23 Kurtis Blow
5%
No matching quizzes found
Score Distribution
Percent of People with Each Score
Percentile by Number Answered
Your Score History
You have not taken this quiz